[Event "XXXVIII C.to Italiano a squadre Master"]
[Site "Porto San Giorgio ITA"]
[Date "2006.04.22"]
[Round "4"]
[White "Castaldo, Folco"]
[Black "Tirabassi, Maurizio"]
[Result "1-0"]
[WhiteElo "2347"]
[BlackElo "2306"]
[PlyCount "63"]
[EventDate "2006.04.21"]

1.Nf3 Nf6 2.c4 e6 3.Nc3 d5 4.d4 c6 5.e3 Nbd7 6.Qc2 Bd6 7.b3 O-O 8.Be2 b6 
9.O-O Bb7 10.Bb2 Rc8 11.Rad1 Qe7 12.e4 dxe4 13.Nxe4 Nxe4 14.Qxe4 Rcd8 15.
Bd3 Nf6 16.Qh4 h6 17.Rfe1 Rfe8 18.Bc2 Nd7 19.Qe4 f5 20.Qd3 Qf7 21.a3 a5 
22.Re2 c5 23.Red2 cxd4 24.Nxd4 Bf4 25.Re2 Ne5 26.Qh3 Ng4 27.Rde1 Bxh2+ 28.
Kf1 Bb8 29.Nxe6 Qg6 30.Nxd8 Nh2+ 31.Qxh2 Rxe2 32.Qxb8 1-0

[Event "XXXVIII C.to Italiano a squadre Master"]
[Site "Porto San Giorgio ITA"]
[Date "2006.04.22"]
[Round "4"]
[White "D'Amore, Carlo"]
[Black "Cherin, Diego"]
[Result "1-0"]
[WhiteElo "2474"]
[BlackElo "2304"]
[PlyCount "91"]
[EventDate "2006.04.21"]

1.Nf3 f5 2.d4 Nf6 3.c4 g6 4.Nc3 Bg7 5.g3 O-O 6.Bg2 d6 7.O-O Nc6 8.d5 Na5 
9.Qa4 c5 10.dxc6 Nxc6 11.Rd1 Kh8 12.c5 d5 13.Bg5 e6 14.Rac1 Qa5 15.Qxa5 
Nxa5 16.Nb5 Ne8 17.b3 Bd7 18.Nbd4 Nc6 19.Nxc6 bxc6 20.Bf4 h6 21.Ne5 Bxe5 
22.Bxe5+ Kg8 23.Rd4 Nf6 24.f3 Rf7 25.e3 Bc8 26.Bf1 Ne8 27.Ra4 Nc7 28.Ra5 
Kf8 29.Rd1 Ke8 30.Rd4 Kd8 31.Rh4 h5 32.g4 Rh7 33.gxh5 Rxh5 34.Rxh5 gxh5 
35.Ra4 Bd7 36.Rh4 Be8 37.Be2 Rb8 38.f4 Rb4 39.Bxh5 Bxh5 40.Rxh5 Nb5 41.
Rh8+ Ke7 42.Kf2 Re4 43.h4 a5 44.h5 d4 45.exd4 Nxd4 46.h6 1-0

[Event "XXXVIII C.to Italiano a squadre Master"]
[Site "Porto San Giorgio ITA"]
[Date "2006.04.22"]
[Round "4"]
[White "De Val, Daniele"]
[Black "Arlandi, Ennio"]
[Result "1/2-1/2"]
[WhiteElo "2177"]
[BlackElo "2453"]
[PlyCount "145"]
[EventDate "2006.04.21"]

1.d4 Nf6 2.c4 g6 3.Nc3 d5 4.cxd5 Nxd5 5.Na4 Bg7 6.e4 Nb4 7.a3 N4c6 8.d5 
Nd4 9.Be3 e5 10.Ne2 Qh4 11.Qd3 O-O 12.Nxd4 exd4 13.Bxd4 Re8 14.Nc3 Bf5 15.
O-O-O Bxe4 16.Nxe4 Bxd4 17.Qxd4 Rxe4 18.Qd2 Nd7 19.f3 Re5 20.f4 Re4 21.g3 
Qf6 22.Bg2 Rc4+ 23.Kb1 Nc5 24.Ka2 Qb6 25.Kb1 Rd8 26.Rhe1 a5 27.f5 Qf6 28.
fxg6 Qxg6+ 29.Ka2 a4 30.Re5 h6 31.Qe2 Rc2 32.Qe3 Qb6 33.Re8+ Rxe8 34.Qxe8+
Kg7 35.Qe5+ Qf6 36.Qxf6+ Kxf6 37.d6 cxd6 38.Rxd6+ Ke7 39.Rd5 b6 40.Bf1 
Rxh2 41.Rd4 f5 42.Rb4 Rh1 43.Bg2 Rg1 44.Bh3 Rxg3 45.Bxf5 Rb3 46.Rxa4 Rxb2+
47.Kxb2 Nxa4+ 48.Kb3 Nc5+ 49.Kc4 Kd6 50.Kb5 Kc7 51.Bg4 Ne4 52.a4 Nd6+ 53.
Kb4 Nb7 54.Kb5 Na5 55.Bh5 Kb7 56.Bf3+ Ka7 57.Bh5 Nb3 58.Bd1 Nd4+ 59.Kb4 
Ka6 60.Kc4 Nc6 61.Kd5 Nb4+ 62.Ke5 Ka5 63.Kf5 Nd5 64.Kg6 Ne3 65.Be2 Kxa4 
66.Kxh6 Kb4 67.Kg5 Nc4 68.Bh5 Kc5 69.Be8 Nd6 70.Bd7 Nb5 71.Kf4 Nd4 72.Ke3 
Nc6 73.Be8 1/2-1/2

[Event "XXXVIII C.to Italiano a squadre Master"]
[Site "Porto San Giorgio ITA"]
[Date "2006.04.22"]
[Round "4"]
[White "Dervishi, Erald"]
[Black "Borisek, Jure"]
[Result "1-0"]
[WhiteElo "2506"]
[BlackElo "2508"]
[PlyCount "69"]
[EventDate "2006.04.21"]

1.e4 e5 2.Nf3 Nc6 3.Bb5 a6 4.Ba4 Nf6 5.O-O b5 6.Bb3 Bc5 7.c3 d6 8.d4 Bb6 
9.Re1 Bb7 10.Be3 O-O 11.Nbd2 h6 12.h3 Re8 13.Qb1 Na7 14.Bc2 c5 15.a4 cxd4 
16.cxd4 Nc6 17.axb5 exd4 18.Bxh6 axb5 19.Bg5 Rxa1 20.Qxa1 Nb4 21.Qb1 Re6 
22.Bb3 Re8 23.Nh2 d3 24.Ng4 Bd4 25.Nf3 Qb6 26.Bxf6 Bxf6 27.Qc1 Bxe4 28.
Nxf6+ gxf6 29.Qc3 Qc5 30.Qxf6 d5 31.Ng5 Qe7 32.Nxe4 dxe4 33.Qg6+ Kh8 34.
Qh6+ Kg8 35.Re3 1-0

[Event "XXXVIII C.to Italiano a squadre Master"]
[Site "Porto San Giorgio ITA"]
[Date "2006.04.22"]
[Round "4"]
[White "Di Caro, Calogero"]
[Black "Trabattoni, Franco"]
[Result "1-0"]
[WhiteElo "2318"]
[BlackElo "2329"]
[PlyCount "95"]
[EventDate "2006.04.21"]

1.d4 Nf6 2.c4 e6 3.g3 d5 4.Bg2 Bb4+ 5.Bd2 Be7 6.Nf3 O-O 7.O-O c6 8.Bf4 
Nbd7 9.Nc3 Qa5 10.Qd3 c5 11.cxd5 exd5 12.Ng5 g6 13.Nxd5 Nxd5 14.Bxd5 Bxg5 
15.Bxg5 c4 16.Qf3 Nb6 17.e4 Nxd5 18.exd5 f6 19.Bh6 Rf7 20.Rfe1 Bd7 21.Re6 
Bxe6 22.dxe6 Re7 23.Qxf6 Rae8 24.Bf8 Rxf8 25.Qxe7 Qd2 26.Rf1 Qxd4 27.Qxb7 
Qe5 28.Qxa7 Qxe6 29.Qd4 Qc6 30.Rd1 Rb8 31.Qe5 Re8 32.Qd5+ Qxd5 33.Rxd5 Re2
34.Rb5 Kf7 35.Kg2 Ke6 36.Kf3 Rc2 37.Ke3 Kd6 38.h4 Kc6 39.a4 h6 40.Kd4 c3 
41.Rc5+ Kd6 42.Rxc3 Rxb2 43.Ke3 Ra2 44.Rc4 Ra3+ 45.Kf4 Rb3 46.Re4 Kd5 47.
Re5+ Kd6 48.Ra5 1-0

[Event "XXXVIII C.to Italiano a squadre Master"]
[Site "Porto San Giorgio ITA"]
[Date "2006.04.22"]
[Round "4"]
[White "Ferro, Mario"]
[Black "Lapiccirella, Mattia"]
[Result "1/2-1/2"]
[WhiteElo "2240"]
[BlackElo "2243"]
[PlyCount "81"]
[EventDate "2006.04.21"]

1.Nf3 c5 2.c4 Nf6 3.Nc3 e6 4.d4 cxd4 5.Nxd4 a6 6.g3 Qc7 7.Qa4 Nc6 8.Nxc6 
dxc6 9.Bg2 e5 10.b4 Be7 11.O-O O-O 12.Bb2 Be6 13.c5 Rfd8 14.Qc2 Rd4 15.a3 
Rad8 16.Rfd1 Rxd1+ 17.Rxd1 Rxd1+ 18.Nxd1 a5 19.Ne3 axb4 20.axb4 Nd7 21.Qe4
b6 22.Qxc6 Qxc6 23.Bxc6 bxc5 24.Bxd7 Bxd7 25.Nd5 Bd6 26.bxc5 Bxc5 27.Bxe5 
Bc6 28.Nf4 f6 29.Bc3 Kf7 30.h4 g6 31.Nd3 Ba7 32.Kh2 Ke6 33.f3 f5 34.Kg2 
Bb8 35.Bd4 Bb5 36.Kf2 Kd5 37.Bb6 Bd7 38.Be3 Bc7 39.Bf4 Bb6+ 40.Be3 Bc7 41.
Bf4 1/2-1/2

[Event "XXXVIII C.to Italiano a squadre Master"]
[Site "Porto San Giorgio ITA"]
[Date "2006.04.22"]
[Round "4"]
[White "Godena, Michele"]
[Black "Garcia Palermo, Carlos Horacio"]
[Result "1/2-1/2"]
[WhiteElo "2537"]
[BlackElo "2462"]
[PlyCount "29"]
[EventDate "2006.04.21"]

1.e4 b6 2.d4 Bb7 3.Nd2 g6 4.Bd3 Bg7 5.Ngf3 e6 6.Qe2 Ne7 7.c3 d6 8.O-O Nd7 
9.Re1 O-O 10.Nf1 c5 11.Bf4 cxd4 12.cxd4 e5 13.dxe5 dxe5 14.Be3 Nc6 15.Red1
1/2-1/2

[Event "XXXVIII C.to Italiano a squadre Master"]
[Site "Porto San Giorgio ITA"]
[Date "2006.04.22"]
[Round "4"]
[White "Lapiccirella, Daniele"]
[Black "Napoli, Nicolo'"]
[Result "1-0"]
[WhiteElo "2131"]
[BlackElo "2220"]
[PlyCount "61"]
[EventDate "2006.04.21"]

1.d4 c5 2.dxc5 Nf6 3.c4 Na6 4.Nf3 g6 5.Be3 Bg7 6.Bd4 O-O 7.e3 Qc7 8.Be2 
Nxc5 9.O-O b6 10.Nbd2 a5 11.b3 Bb7 12.Rc1 Rac8 13.Qc2 Qb8 14.Qb1 Ne6 15.
Bc3 Qa8 16.Rfd1 Rfd8 17.Qb2 h6 18.Bf1 Nc5 19.Qb1 d5 20.cxd5 Rxd5 21.Bc4 
Rh5 22.Bxf6 Ne4 23.Bxg7 Nxd2 24.Nxd2 Kxg7 25.Bf1 Rd8 26.Nc4 Qb8 27.f4 b5 
28.Nxa5 Qa7 29.Qb2+ f6 30.Nxb7 Rxd1 31.Rxd1 1-0

[Event "XXXVIII C.to Italiano a squadre Master"]
[Site "Porto San Giorgio ITA"]
[Date "2006.04.22"]
[Round "4"]
[White "Lostuzzi, Manlio"]
[Black "Bellini, Fabio"]
[Result "1-0"]
[WhiteElo "2406"]
[BlackElo "2499"]
[PlyCount "95"]
[EventDate "2006.04.21"]

1.d4 d6 2.e4 Nf6 3.Nc3 Nbd7 4.f4 e5 5.Nf3 exd4 6.Qxd4 c6 7.Be3 d5 8.exd5 
Bc5 9.Qd3 Qe7 10.Kd2 cxd5 11.Re1 O-O 12.Nxd5 Nxd5 13.Qxd5 Bxe3+ 14.Rxe3 
Qb4+ 15.Kc1 Qxf4 16.Qd4 Qh6 17.g4 Qf6 18.Bg2 Qxd4 19.Nxd4 Nc5 20.h3 Bd7 
21.Nb3 Rac8 22.Nxc5 Rxc5 23.Bxb7 h5 24.Rg1 Be6 25.b3 hxg4 26.hxg4 Rd8 27.
Bf3 Rd4 28.Be2 g6 29.c4 Kg7 30.Rd3 Re4 31.Bf3 Rf4 32.Kd2 Kf6 33.Ke3 Kg5 
34.Bd5 Bxg4 35.Rd4 Rxd4 36.Kxd4 Rc7 37.c5 f5 38.c6 Kf6 39.Kc5 Rc8 40.b4 g5
41.b5 Bh3 42.a4 f4 43.a5 g4 44.b6 axb6+ 45.axb6 f3 46.b7 Rd8 47.Bc4 f2 48.
Rg3 1-0

[Event "XXXVIII C.to Italiano a squadre Master"]
[Site "Porto San Giorgio ITA"]
[Date "2006.04.22"]
[Round "4"]
[White "Macieja, Bartlomiej"]
[Black "Huebner, Robert"]
[Result "1/2-1/2"]
[WhiteElo "2584"]
[BlackElo "2632"]
[PlyCount "219"]
[EventDate "2006.04.21"]

1.e4 e6 2.d4 d5 3.Nc3 dxe4 4.Nxe4 Nd7 5.Bd3 Ngf6 6.Nf3 Nxe4 7.Bxe4 Nf6 8.
Bg5 Be7 9.Bxf6 Bxf6 10.c3 O-O 11.h4 Be7 12.Bc2 c5 13.Qd3 f5 14.O-O-O cxd4 
15.Nxd4 Bc5 16.Qe2 Qf6 17.f4 a5 18.Nf3 b5 19.Kb1 b4 20.cxb4 Bxb4 21.Ne5 
Qe7 22.h5 Bd6 23.Rhe1 Bb7 24.g3 Bd5 25.Nc4 Bb4 26.Nb6 Bxe1 27.Nxd5 Qf7 28.
Nb6 Rab8 29.Nd7 Bxg3 30.Nxb8 Rxb8 31.Bb3 Re8 32.Rd6 Kh8 33.Rxe6 Rxe6 34.
Bxe6 Qe8 35.Qe5 Bxf4 36.Qxf5 h6 37.a3 Bg5 38.Bb3 Qd8 39.Bc2 Kg8 40.Qh7+ 
Kf7 41.Bb3+ Kf6 42.Qg6+ Ke5 43.Qxg7+ Kf4 44.Qf7+ Bf6 45.Qg6 Qd4 46.Qxh6+ 
Kg4 47.Qg6+ Kh4 48.Qg2 Kxh5 49.Bd5 Be5 50.Be4 Kh4 51.Bf5 Qf4 52.Bd3 Qh2 
53.Qe4+ Qf4 54.Qe1+ Qg3 55.Qd2 Qg1+ 56.Ka2 Qd4 57.Qe2 Qd5+ 58.Bc4 Qd4 59.
Be6 Kg3 60.Bf7 Bf6 61.Qb5 Be5 62.Be6 Bf6 63.Qe2 Be5 64.Qe1+ Kg2 65.Qc1 Kg3
66.Qc2 Bf6 67.Bb3 Be5 68.Qe2 Bf6 69.Bd1 Be5 70.Qf3+ Kh4 71.Qg2 Qc4+ 72.Bb3
Qd4 73.Bf7 Bf6 74.Bg8 Be5 75.Be6 Bf6 76.Qh3+ Kg5 77.Qg3+ Kh6 78.Qg2 Kh5 
79.Bf7+ Kh4 80.Bb3 Be5 81.Bd1 Qc4+ 82.Kb1 Qd3+ 83.Bc2 Qd4 84.Bg6 Bf6 85.
Be4 Be5 86.Bd5 Bf6 87.Be6 Be5 88.Ka2 Bf6 89.Qh2+ Kg5 90.Qg3+ Kh6 91.Qg2 
Kh5 92.Bf7+ Kh4 93.Qh2+ Kg4 94.Qc2 Kg3 95.Be6 Be5 96.Qg6+ Kf2 97.Qf5+ Kg3 
98.Qh3+ Kf2 99.Qb3 Bf6 100.a4 Qe3 101.Qc2+ Kg3 102.Qg6+ Qg5 103.Qd3+ Kf4 
104.Qf1+ Ke3 105.Bf5 Qf4 106.Qc1+ Kf3 107.Qc6+ Kg3 108.Qxf6 Qxa4+ 109.Kb1 
Qd1+ 110.Ka2 1/2-1/2

[Event "XXXVIII C.to Italiano a squadre Master"]
[Site "Porto San Giorgio ITA"]
[Date "2006.04.22"]
[Round "4"]
[White "Malloni, Marcello"]
[Black "Caggiano, Luigi Maria"]
[Result "1-0"]
[WhiteElo "2276"]
[BlackElo "1622"]
[PlyCount "35"]
[EventDate "2006.04.21"]

1.d4 Nf6 2.c4 d6 3.Nc3 g6 4.e4 Bg7 5.f3 O-O 6.Bg5 Nc6 7.Nge2 e5 8.d5 Ne7 
9.Qd2 Nd7 10.g4 f6 11.Be3 Nc5 12.b4 Na6 13.a3 c5 14.dxc6 bxc6 15.O-O-O Be6
16.Qxd6 Bxc4 17.Ng3 Bxf1 18.Qe6+ 1-0

[Event "XXXVIII C.to Italiano a squadre Master"]
[Site "Porto San Giorgio ITA"]
[Date "2006.04.22"]
[Round "4"]
[White "Manca, Federico"]
[Black "Vocaturo, Daniele"]
[Result "1/2-1/2"]
[WhiteElo "2417"]
[BlackElo "2402"]
[PlyCount "120"]
[EventDate "2006.04.21"]

1.e4 c5 2.c3 Nf6 3.e5 Nd5 4.d4 cxd4 5.Nf3 e6 6.cxd4 d6 7.Bc4 Nc6 8.O-O Be7
9.Qe2 O-O 10.Rd1 Na5 11.Bxd5 exd5 12.Nc3 Be6 13.Bf4 a6 14.b3 Rc8 15.Qe3 
Nc6 16.Bg5 Bxg5 17.Nxg5 dxe5 18.dxe5 d4 19.Qf4 h6 20.Nge4 Qa5 21.Ne2 d3 
22.Rxd3 Qxe5 23.Qxe5 Nxe5 24.Rd2 Rfd8 25.Rad1 Rxd2 26.Rxd2 a5 27.f4 Ng6 
28.h3 a4 29.bxa4 Ne7 30.g4 f5 31.Nf2 Rc4 32.Nd4 Bc8 33.a5 Ra4 34.Kg2 Rxa5 
35.Kg3 Ra3+ 36.Kg2 Ng6 37.Nxf5 Nxf4+ 38.Kh2 Be6 39.Rd4 Rf3 40.Rd2 Bxf5 41.
gxf5 Kf7 42.Rb2 b5 43.Rd2 b4 44.Rb2 Kf6 45.Ne4+ Kxf5 46.Ng3+ Kg5 47.Rxb4 
Rf2+ 48.Kh1 Rxa2 49.Rb5+ Kh4 50.Nf5+ Kxh3 51.Rb3+ Kg4 52.Nxg7 Re2 53.Rb4 
Re3 54.Kh2 Re5 55.Rc4 Kf3 56.Rc3+ Kf2 57.Rc2+ Ne2 58.Rc6 Nd4 59.Rxh6 Nf3+ 
60.Kh3 Rg5 1/2-1/2

[Event "XXXVIII C.to Italiano a squadre Master"]
[Site "Porto San Giorgio ITA"]
[Date "2006.04.22"]
[Round "4"]
[White "Mariano, Elia"]
[Black "Anceschi, Vittorio"]
[Result "1/2-1/2"]
[WhiteElo "2191"]
[BlackElo "2248"]
[PlyCount "92"]
[EventDate "2006.04.21"]

1.Nf3 f5 2.d3 Nf6 3.e4 d6 4.e5 dxe5 5.Nxe5 Nbd7 6.Bf4 e6 7.Nd2 Nd5 8.Nxd7 
Qxd7 9.Be5 Bd6 10.Qh5+ g6 11.Qe2 Nf4 12.Qe3 Nd5 13.Qe2 Bxe5 14.Qxe5 O-O 
15.Be2 Nb4 16.O-O Nc6 17.Qc3 Nd4 18.Rfe1 a5 19.Nf3 Nxe2+ 20.Rxe2 Ra6 21.
Rae1 Qg7 22.d4 Rd8 23.Re5 Rc6 24.Qb3 Rb6 25.Rb5 Rxb5 26.Qxb5 Rd5 27.Qe8+ 
Qf8 28.Qxf8+ Kxf8 29.Re5 Rxe5 30.Nxe5 Ke7 31.Kf1 Kd6 32.Ke2 b6 33.Ke3 Bb7 
34.g3 Ke7 35.h4 Kf6 36.Nd7+ Ke7 37.Ne5 Kf6 38.f4 h6 39.c4 g5 40.hxg5+ hxg5
41.b3 gxf4+ 42.gxf4 Ke7 43.a3 Kd6 44.Nf7+ Ke7 45.Ne5 c5 46.Kd3 Kd6 1/2-1/2

[Event "XXXVIII C.to Italiano a squadre Master"]
[Site "Porto San Giorgio ITA"]
[Date "2006.04.22"]
[Round "4"]
[White "Passoni, Carlo"]
[Black "Mazzilli, Piero"]
[Result "0-1"]
[WhiteElo "2251"]
[BlackElo "2333"]
[PlyCount "92"]
[EventDate "2006.04.21"]

1.e4 c5 2.Nf3 d6 3.d4 cxd4 4.Nxd4 Nf6 5.Nc3 a6 6.Bg5 e6 7.f4 h6 8.Bh4 Be7 
9.Qf3 Qc7 10.O-O-O Nbd7 11.Qg3 g5 12.fxg5 Nh5 13.Qe3 Qc5 14.Kb1 hxg5 15.
Bf2 Ne5 16.Be2 Nf4 17.h4 Nxe2 18.Qxe2 Qa5 19.hxg5 Rg8 20.Nf3 Bd7 21.Nxe5 
Qxe5 22.g6 Rxg6 23.Rh5 Qg7 24.Rdh1 Rxg2 25.Qf1 O-O-O 26.Bb6 Rf8 27.Qc4+ 
Bc6 28.a4 Kb8 29.Bd4 Bf6 30.Bxf6 Qxf6 31.Qb4 Rd8 32.Rd1 Qf2 33.Rxd6 Qxc2+ 
34.Ka2 Rxd6 35.Qxd6+ Ka7 36.Qc5+ b6 37.Qb4 a5 38.Qe7+ Ka6 39.Rb5 Qxc3 40.
Qd8 Qc4+ 41.Rb3 Qxa4+ 42.Ra3 Qc4+ 43.Rb3 Qa4+ 44.Ra3 Qxe4 45.Rb3 Qa4+ 46.
Ra3 Bd5+ 0-1

[Event "XXXVIII C.to Italiano a squadre Master"]
[Site "Porto San Giorgio ITA"]
[Date "2006.04.22"]
[Round "4"]
[White "Shytaj, Luca"]
[Black "Marinelli, Tullio"]
[Result "1-0"]
[WhiteElo "2433"]
[BlackElo "2386"]
[PlyCount "71"]
[EventDate "2006.04.21"]

1.e4 c5 2.Nf3 d6 3.d4 cxd4 4.Nxd4 Nf6 5.Nc3 a6 6.Bg5 e6 7.f4 Qc7 8.Qf3 
Nbd7 9.O-O-O b5 10.e5 Bb7 11.Qh3 dxe5 12.Nxe6 fxe6 13.Qxe6+ Be7 14.Nxb5 
axb5 15.Bxb5 O-O-O 16.Qxe7 h6 17.Bxf6 Nxf6 18.Qxc7+ Kxc7 19.fxe5 Nd5 20.
Rhe1 Bc6 21.Bxc6 Kxc6 22.Re4 Nb6 23.Rde1 Rhe8 24.a4 Ra8 25.b3 Re6 26.Kb2 
Ra5 27.c4 Nd7 28.Kc3 Raxe5 29.Rxe5 Rxe5 30.Rxe5 Nxe5 31.a5 Ng4 32.b4 Nxh2 
33.b5+ Kc7 34.c5 Ng4 35.a6 Nf6 36.Kd4 1-0

[Event "XXXVIII C.to Italiano a squadre Master"]
[Site "Porto San Giorgio ITA"]
[Date "2006.04.22"]
[Round "4"]
[White "Tassi, Oliviero"]
[Black "Martorelli, Antonio"]
[Result "1-0"]
[WhiteElo "2300"]
[BlackElo "2265"]
[PlyCount "79"]
[EventDate "2006.04.21"]

1.e4 c5 2.c4 Nc6 3.d3 e6 4.Nc3 Nf6 5.Bg5 Be7 6.Nf3 d5 7.e5 Ng4 8.Bxe7 Qxe7
9.cxd5 exd5 10.d4 cxd4 11.Nxd5 Qd8 12.Bc4 Be6 13.Nxd4 Bxd5 14.Nxc6 bxc6 
15.Qxg4 Qa5+ 16.Kf1 Bxc4+ 17.Qxc4 O-O 18.Re1 Rab8 19.Re2 Rfd8 20.g3 Rb4 
21.Qxc6 Qxa2 22.Kg2 Rxb2 23.Rd1 Rf8 24.Rxb2 Qxb2 25.Rd5 Qb4 26.Rb5 Qg4 27.
Ra5 Qd4 28.Qb7 h6 29.Qxa7 Qe4+ 30.f3 Qe1 31.f4 Rd8 32.Ra2 Rd1 33.Qa8+ Kh7 
34.Kh3 Qf1+ 35.Qg2 Qe1 36.Qc2+ g6 37.Ra7 Qf1+ 38.Kg4 Rc1 39.Rxf7+ Kh8 40.
Qxg6 1-0

[Event "XXXVIII C.to Italiano a squadre Master"]
[Site "Porto San Giorgio ITA"]
[Date "2006.04.22"]
[Round "4"]
[White "Turci, Stefano"]
[Black "Ranieri, Fabrizio"]
[Result "1/2-1/2"]
[WhiteElo "2199"]
[BlackElo "2228"]
[PlyCount "85"]
[EventDate "2006.04.21"]

1.e4 e6 2.d4 d5 3.Nc3 Nf6 4.e5 Nfd7 5.f4 c5 6.Nf3 Nc6 7.Ne2 Be7 8.g3 O-O 
9.Bh3 Qb6 10.O-O Kh8 11.Kh1 f6 12.c3 cxd4 13.cxd4 a5 14.Nc3 Ndb8 15.b3 Na6
16.Be3 Qd8 17.Rc1 Nc7 18.Na4 Nb4 19.Qd2 Bd7 20.Nc5 b6 21.Nxd7 Qxd7 22.a3 
Nba6 23.Ra1 f5 24.Rfc1 Nb5 25.a4 Na7 26.Bf1 Nb4 27.Ne1 Rac8 28.Nd3 Rxc1 
29.Rxc1 Rc8 30.Nxb4 Bxb4 31.Qb2 Rc6 32.Bd3 Kg8 33.Kg2 Qc7 34.Rxc6 Qxc6 35.
Bd2 Bxd2 36.Qxd2 Nc8 37.Kf2 Ne7 38.Ke3 Kf7 39.Bb5 Qc7 40.Ke2 Qc8 41.Ke3 
Qc7 42.Ke2 Qc8 43.Ke3 1/2-1/2

[Event "XXXVIII C.to Italiano a squadre Master"]
[Site "Porto San Giorgio ITA"]
[Date "2006.04.22"]
[Round "4"]
[White "Villa, Flavio"]
[Black "Saccona, Silvano"]
[Result "0-1"]
[WhiteElo "2124"]
[BlackElo "2162"]
[PlyCount "82"]
[EventDate "2006.04.21"]

1.d4 c6 2.e4 d5 3.Nd2 dxe4 4.Nxe4 Nf6 5.Nxf6+ exf6 6.Bc4 Bd6 7.Qe2+ Be7 8.
Nf3 O-O 9.Be3 Nd7 10.h3 Nb6 11.Bb3 Nd5 12.O-O a5 13.c4 Nxe3 14.Qxe3 Bd6 
15.Rfe1 Bb4 16.Re2 a4 17.Bc2 a3 18.bxa3 Rxa3 19.Bb3 Bd7 20.Rd1 Qb8 21.d5 
cxd5 22.cxd5 Qd6 23.Qd3 Ba5 24.Nd2 Bc7 25.Nf1 g6 26.Qg3 Rd8 27.Rc2 Bb8 28.
Qxd6 Bxd6 29.Ne3 b5 30.Re2 Re8 31.Kf1 Raa8 32.Nc2 Rxe2 33.Kxe2 Re8+ 34.Kf1
f5 35.Nd4 Kg7 36.Nc6 Kf6 37.Re1 Rc8 38.Rc1 h5 39.Bd1 Ra8 40.Rc2 b4 41.Be2 
b3 0-1

[Event "XXXVIII C.to Italiano a squadre Master"]
[Site "Porto San Giorgio ITA"]
[Date "2006.04.23"]
[Round "5"]
[White "Bentivegna, Francesco"]
[Black "Ortega, Lexy"]
[Result "1-0"]
[WhiteElo "2287"]
[BlackElo "2434"]
[PlyCount "47"]
[EventDate "2006.04.21"]

1.e4 d6 2.d4 Nf6 3.Nc3 Nbd7 4.Nf3 e5 5.g4 Nxg4 6.Rg1 Ngf6 7.Bc4 h6 8.Be3 
c6 9.dxe5 dxe5 10.Qd3 Qe7 11.O-O-O Nh5 12.h4 g6 13.Qd2 Bg7 14.Kb1 Nf4 15.
Ne2 Nb6 16.Bb3 O-O 17.Bxf4 exf4 18.Rxg6 Kh7 19.Rd6 Qxe4 20.Ned4 Qe7 21.
Qxf4 Nd5 22.Bxd5 cxd5 23.Nf5 Qe4 24.Qxh6+ 1-0

[Event "XXXVIII C.to Italiano a squadre Master"]
[Site "Porto San Giorgio ITA"]
[Date "2006.04.23"]
[Round "5"]
[White "Borisek, Jure"]
[Black "Macieja, Bartlomiej"]
[Result "1/2-1/2"]
[WhiteElo "2508"]
[BlackElo "2584"]
[PlyCount "43"]
[EventDate "2006.04.21"]

1.e4 c5 2.Nf3 Nc6 3.d4 cxd4 4.Nxd4 g6 5.c4 Nf6 6.Nc3 d6 7.Be2 Nxd4 8.Qxd4 
Bg7 9.O-O O-O 10.Qd3 Be6 11.Bd2 a6 12.b3 Bd7 13.a4 a5 14.Rae1 Bc6 15.Nd5 
Nd7 16.Bg5 Bxd5 17.exd5 Nc5 18.Qe3 Bf6 19.Bh6 Bg7 20.Bg5 Bf6 21.Bh6 Bg7 
22.Bg5 1/2-1/2

[Event "XXXVIII C.to Italiano a squadre Master"]
[Site "Porto San Giorgio ITA"]
[Date "2006.04.23"]
[Round "5"]
[White "Caggiano, Luigi Maria"]
[Black "Villa, Flavio"]
[Result "0-1"]
[WhiteElo "1622"]
[BlackElo "2124"]
[PlyCount "72"]
[EventDate "2006.04.21"]

1.Nf3 d5 2.d3 Nf6 3.g3 g6 4.Bg2 Bg7 5.O-O O-O 6.Nbd2 c5 7.c3 Nc6 8.e4 e5 
9.h3 b6 10.Re1 Bb7 11.Nf1 h6 12.N3h2 dxe4 13.dxe4 Qxd1 14.Rxd1 Na5 15.f3 
Rad8 16.Bd2 Nc4 17.b3 Nxd2 18.Nxd2 Rd3 19.c4 Rfd8 20.Nhf1 h5 21.Kf2 Bh6 
22.Ke2 Ne8 23.Rac1 R3d4 24.Ne3 Bxe3 25.Kxe3 Nc7 26.Ke2 h4 27.Nf1 hxg3 28.
Rxd4 Rxd4 29.Rd1 Ne6 30.Rxd4 Nf4+ 31.Kd2 cxd4 32.Nxg3 Nxg2 33.Nh1 Nf4 34.
Nf2 f6 35.Ng4 Kf7 36.Nf2 Bc8 0-1

[Event "XXXVIII C.to Italiano a squadre Master"]
[Site "Porto San Giorgio ITA"]
[Date "2006.04.23"]
[Round "5"]
[White "D'Amore, Carlo"]
[Black "Aglietti, Graziano"]
[Result "1-0"]
[WhiteElo "2474"]
[BlackElo "2055"]
[PlyCount "33"]
[EventDate "2006.04.21"]

1.e4 e6 2.d3 d5 3.Nd2 c5 4.Ngf3 Nf6 5.g3 Nc6 6.Bg2 Be7 7.O-O O-O 8.Re1 Re8
9.c3 dxe4 10.dxe4 e5 11.Qe2 Bg4 12.Nc4 Qc7 13.Ne3 Be6 14.Ng5 Bd7 15.Nd5 
Nxd5 16.exd5 Bxg5 17.dxc6 1-0

[Event "XXXVIII C.to Italiano a squadre Master"]
[Site "Porto San Giorgio ITA"]
[Date "2006.04.23"]
[Round "5"]
[White "Dervishi, Erald"]
[Black "Castaldo, Folco"]
[Result "1-0"]
[WhiteElo "2506"]
[BlackElo "2347"]
[PlyCount "47"]
[EventDate "2006.04.21"]

1.e4 d5 2.exd5 Qxd5 3.Nc3 Qd8 4.d4 Nf6 5.Bc4 c6 6.Nf3 b5 7.Bb3 e6 8.O-O 
Be7 9.Re1 a5 10.a4 b4 11.Ne2 Nbd7 12.Nf4 Nd5 13.c4 bxc3 14.bxc3 N7f6 15.
Ne5 Bb7 16.Qf3 O-O 17.Rb1 Rb8 18.Qh3 Re8 19.Bc2 Bd6 20.Nxd5 exd5 21.Bg5 h5
22.Bxf6 gxf6 23.Nxf7 Bxh2+ 24.Qxh2 1-0

[Event "XXXVIII C.to Italiano a squadre Master"]
[Site "Porto San Giorgio ITA"]
[Date "2006.04.23"]
[Round "5"]
[White "Garcia Palermo, Carlos Horacio"]
[Black "Lostuzzi, Manlio"]
[Result "1-0"]
[WhiteElo "2462"]
[BlackElo "2406"]
[PlyCount "53"]
[EventDate "2006.04.21"]

1.d4 Nf6 2.c4 c5 3.d5 b5 4.cxb5 a6 5.bxa6 Bxa6 6.Nc3 g6 7.e4 Bxf1 8.Kxf1 
d6 9.Nge2 Bg7 10.h3 O-O 11.Kg1 Nbd7 12.Kh2 e6 13.Bf4 exd5 14.exd5 Nb6 15.
Qd3 Na4 16.Qd2 Re8 17.Rhe1 Ne4 18.Nxe4 Rxe4 19.Rab1 Qf6 20.b3 Nb6 21.f3 
Ree8 22.a4 Qf5 23.Ng3 Qxd5 24.Qxd5 Nxd5 25.Bxd6 Rec8 26.Rbc1 Nc3 27.Ne4 
1-0

[Event "XXXVIII C.to Italiano a squadre Master"]
[Site "Porto San Giorgio ITA"]
[Date "2006.04.23"]
[Round "5"]
[White "Lapiccirella, Daniele"]
[Black "Ferretti, Folco"]
[Result "1-0"]
[WhiteElo "2131"]
[BlackElo "2254"]
[PlyCount "83"]
[EventDate "2006.04.21"]

1.d4 Nf6 2.c4 e6 3.Bg5 h6 4.Bh4 c5 5.d5 exd5 6.cxd5 d6 7.Nc3 Be7 8.Nf3 a6 
9.a4 O-O 10.Bg3 Nbd7 11.Nd2 Nh5 12.Nc4 Nxg3 13.hxg3 Re8 14.e3 Qc7 15.a5 b5
16.axb6 Nxb6 17.Qd2 Bf6 18.Be2 Bb7 19.Nxb6 Qxb6 20.O-O a5 21.Ra3 Ba6 22.
Rfa1 Bxe2 23.Qxe2 Reb8 24.R1a2 Qd8 25.Ne4 Rb4 26.Qc2 Be7 27.Nd2 Qb8 28.Nc4
Bd8 29.Nxa5 Rxa5 30.Rxa5 Bxa5 31.Rxa5 Rxb2 32.Qa4 Kh7 33.Ra8 Rb1+ 34.Kh2 
Qb2 35.Qe4+ g6 36.Qe8 h5 37.Ra7 Qxf2 38.Rxf7+ Qxf7 39.Qxf7+ Kh6 40.Qf4+ 
Kh7 41.Qxd6 Rc1 42.Qc7+ 1-0

[Event "XXXVIII C.to Italiano a squadre Master"]
[Site "Porto San Giorgio ITA"]
[Date "2006.04.23"]
[Round "5"]
[White "Marinelli, Tullio"]
[Black "Trabattoni, Franco"]
[Result "0-1"]
[WhiteElo "2386"]
[BlackElo "2329"]
[PlyCount "136"]
[EventDate "2006.04.21"]

1.d4 Nf6 2.c4 e6 3.Nc3 Bb4 4.e3 c5 5.Nf3 Nc6 6.Bd3 O-O 7.O-O Bxc3 8.bxc3 
d6 9.e4 e5 10.d5 Ne7 11.Nh4 Ng6 12.Nf5 h6 13.Qf3 Bxf5 14.exf5 e4 15.Bxe4 
Ne5 16.Qe2 Re8 17.f3 Qa5 18.Bd2 Qa4 19.Rfd1 Qxc4 20.Qf2 Nxe4 21.fxe4 Qxe4 
22.f6 g5 23.h4 Qxh4 24.Qxh4 gxh4 25.Bxh6 Kh7 26.Bf4 Kg6 27.Rf1 Nc4 28.Rad1
Re2 29.Rd3 Kh5 30.Rh3 Rg8 31.g3 Rg4 32.Rf2 Re4 33.Kf1 Ne5 34.Re2 Rxe2 35.
Kxe2 Kg6 36.Bxe5 Re4+ 37.Kd3 Rxe5 38.gxh4 Rxd5+ 39.Kc4 Rh5 40.Rf3 b6 41.
Kb5 Rxh4 42.Rd3 Kxf6 43.Rxd6+ Ke7 44.Rd3 f5 45.a4 Ke6 46.a5 c4 47.Rd8 bxa5
48.Re8+ Kf6 49.Rf8+ Ke5 50.Re8+ Kd5 51.Rd8+ Ke6 52.Re8+ Kf6 53.Rf8+ Kg5 
54.Rg8+ Kf4 55.Kxc4 Ke3+ 56.Kd5 f4 57.c4 f3 58.Re8+ Kd3 59.Rf8 Rh5+ 60.Kd6
Kxc4 61.Rxf3 Rh4 62.Rf1 a4 63.Rc1+ Kb3 64.Rb1+ Kc2 65.Rg1 a3 66.Rg2+ Kb3 
67.Rg3+ Kb4 68.Rg2 Rh3 0-1

[Event "XXXVIII C.to Italiano a squadre Master"]
[Site "Porto San Giorgio ITA"]
[Date "2006.04.23"]
[Round "5"]
[White "Napoli, Nicolo'"]
[Black "Manca, Federico"]
[Result "0-1"]
[WhiteElo "2220"]
[BlackElo "2417"]
[PlyCount "90"]
[EventDate "2006.04.21"]

1.e4 c5 2.Nf3 Nc6 3.Bb5 e6 4.O-O Nge7 5.c3 d5 6.exd5 Qxd5 7.d4 cxd4 8.Nxd4
Bd7 9.Be3 Nxd4 10.Bxd7+ Qxd7 11.Bxd4 Nf5 12.Qf3 Be7 13.Rd1 Qc7 14.Nd2 O-O 
15.Nf1 Rad8 16.Ne3 Nxd4 17.cxd4 Qb6 18.d5 Qxb2 19.Rab1 Qxa2 20.Rxb7 Bc5 
21.h3 a5 22.Rb5 Bxe3 23.Qxe3 Rxd5 24.Rdxd5 exd5 25.Qc5 a4 26.Qxd5 Qxd5 27.
Rxd5 Ra8 28.Kf1 a3 29.Rd1 a2 30.Ra1 Kf8 31.Ke2 Ke7 32.Kd3 Ke6 33.Kc3 Kf5 
34.Kb2 h5 35.Kc3 Kf4 36.Kd3 h4 37.Kd4 g5 38.Kd3 f5 39.Ke2 g4 40.Kf1 gxh3 
41.gxh3 Kf3 42.Kg1 f4 43.Kh2 Kxf2 44.Rc1 Ke2 45.Ra1 Kd2 0-1